[Event "ESP-chT U16"]
[Site "Benidorm"]
[Date "2010.12.07"]
[Round "5"]
[White "Madurga Lopez, Ignacio"]
[Black "Martinez de Lejarza, Ignacio"]
[Result "1/2-1/2"]
[WhiteElo "1988"]
[BlackElo "1755"]
[PlyCount "95"]
[EventDate "2010.12.04"]
[EventType "team"]
[EventRounds "6"]
[EventCountry "ESP"]
[SourceTitle "EXT 2014"]
[Source "ChessBase"]
[SourceDate "2013.11.20"]
[SourceVersion "1"]
[SourceVersionDate "2013.11.20"]
[SourceQuality "1"]

1. e4 e5 2. Nf3 Nf6 3. Nxe5 Nxe4 4. Qe2 Qe7 5. Qxe4 d6 6. d4 dxe5 7. Qxe5 Qxe5+ 8. dxe5 Bf5 9. Bb5+ c6 10. Ba4 Nd7 11. 0-0 0-0-0 12. Be3 Bc5 13. Bxc5 Nxc5 14. Bb3 Nxb3 15. cxb3 Rd5 16. f4 Rhd8 17. Re1 Bxb1 18. Raxb1 Rd2 19. Kf1 Rc2 20. Re2 Rdd2 21. Rbe1 Rxb2 22. Rxd2 Rxd2 23. Re2 Rd4 24. g3 Kd7 25. Kf2 Ke6 26. Ke3 Rd5 27. Ke4 f6 28. f5+ Ke7 29. Kf4 Rd4+ 30. Re4 fxe5+ 31. Kxe5 Rd5+ 32. Kf4+ Kf7 33. g4 Rd2 34. a4 Rxh2 35. Rb4 b6 36. Rc4 c5 37. b4 cxb4 38. Rc7+ Kf8 39. Rxa7 Ra2 40. Ra6 b3 41. Rxb6 Rxa4+ 42. Kg5 Kf7 43. Rb7+ Kf8 44. Rxb3 Ra6 45. Rb8+ Kf7 46. Rb7+ Kf8 47. Rb8+ Kf7 48. Rb7+ 1/2-1/2

[Event "ESP-chT U16"]
[Site "Benidorm"]
[Date "2010.12.07"]
[Round "4"]
[White "Martinez de Lejarza, Ignacio"]
[Black "Melgar Paramo, Isaac"]
[Result "1-0"]
[WhiteElo "1755"]
[BlackElo "1715"]
[PlyCount "82"]
[EventDate "2010.12.04"]
[EventType "team"]
[EventRounds "6"]
[EventCountry "ESP"]
[SourceTitle "EXT 2014"]
[Source "ChessBase"]
[SourceDate "2013.11.20"]
[SourceVersion "1"]
[SourceVersionDate "2013.11.20"]
[SourceQuality "1"]

1. d4 Nf6 2. Nf3 e6 3. Bf4 d5 4. e3 c6 5. c3 Nbd7 6. Bd3 Be7 7. Nbd2 Nf8 8. Bg3 Ng6 9. Ne5 Nxe5 10. dxe5 Nd7 11. Bf4 g6 12. 0-0 Bf8 13. Nf3 Bg7 14. e4 Nc5 15. Re1 0-0 16. Bc2 Qc7 17. Qd2 b6 18. exd5 cxd5 19. Bh6 Bb7 20. Bxg7 Kxg7 21. Nd4 a6 22. Qf4 Qe7 23. Re3 Rh8 24. Rae1 h6 25. h4 h5 26. Nf3 a5 27. Nd4 Ba6 28. Nc6 Qe8 29. Qf6+ Kh7 30. Rf3 Rf8 31. Ne7 Ne4 32. Bxe4 dxe4 33. Rg3 Ra7 34. Nc6 Qxc6 35. Rxg6 fxg6 36. Qxf8 Bd3 37. Rd1 Qd7 38. Qb8 Qc7 39. Qe8 Qxe5 40. f3 Be2 41. Rd8 Qg7 1-0

[Event "Provincial-ch Valencia Primera"]
[Site "Valencia"]
[Date "2010.10.16"]
[Round "2.4"]
[White "Martinez de Lejarza, Ignacio"]
[Black "Wahieb Hussein, Faisal"]
[Result "0-1"]
[WhiteElo "1755"]
[BlackElo "1806"]
[PlyCount "96"]
[EventDate "2010.10.02"]
[EventType "swiss"]
[EventRounds "7"]
[EventCountry "ESP"]
[SourceTitle "EXT 2024"]
[Source "ChessBase"]
[SourceDate "2023.10.10"]
[SourceVersion "1"]
[SourceVersionDate "2023.10.10"]
[SourceQuality "1"]

1. d4 g6 2. Nf3 Bg7 3. Bg5 c5 4. e3 cxd4 5. exd4 Qb6 6. Nc3 Nf6 7. Bc4 0-0 8. 0-0 d6 9. Bb3 Bg4 10. h3 Bxf3 11. Qxf3 Nc6 12. Bxf6 exf6 13. d5 Nd4 14. Qf4 Rac8 15. Rad1 f5 16. Qd2 Nxb3 17. cxb3 Rfe8 18. Qd3 a6 19. Qd2 Qb4 20. Rc1 Rc5 21. Rc2 Rec8 22. Rfc1 Be5 23. g3 f4 24. Kg2 h5 25. Qd3 fxg3 26. fxg3 h4 27. Ne2 Rxc2 28. Rxc2 Rxc2 29. Qxc2 hxg3 30. Nxg3 Qf4 31. Qf2 Qxf2+ 32. Kxf2 Bxb2 33. Ne4 Be5 34. Ke3 f5 35. Ng5 Kg7 36. Ne6+ Kf6 37. Nd8 b6 38. Nc6 g5 39. Nb8 g4 40. hxg4 fxg4 41. Nxa6 Kg5 42. a4 Kh4 43. Nb4 Kh3 44. Nc2 Bc3 45. Kd3 g3 46. Ne3 Bb4 47. Ke2 Bc5 48. Kf3 Bxe3 0-1

[Event "Provincial-ch Valencia Primera"]
[Site "Valencia"]
[Date "2009.11.07"]
[Round "4.6"]
[White "Martinez de Lejarza, Ignacio"]
[Black "Conejero Gimenez, Jose Melchor"]
[Result "1/2-1/2"]
[WhiteElo "1718"]
[BlackElo "2019"]
[PlyCount "48"]
[EventDate "2009.10.03"]
[EventType "swiss"]
[EventRounds "7"]
[EventCountry "ESP"]
[SourceTitle "EXT 2024"]
[Source "ChessBase"]
[SourceDate "2023.10.10"]
[SourceVersion "1"]
[SourceVersionDate "2023.10.10"]
[SourceQuality "1"]

1. d4 f5 2. Nf3 Nf6 3. Bg5 e6 4. Nbd2 d5 5. e3 c6 6. Be2 Bd6 7. Ne5 0-0 8. 0-0 Nbd7 9. f4 c5 10. c4 Qb6 11. Nb3 Ne4 12. Bh4 Ndf6 13. Rc1 cxd4 14. exd4 Bxe5 15. fxe5 Nd7 16. c5 Qc7 17. Nd2 Nb8 18. b4 Nc6 19. Nxe4 dxe4 20. b5 Nb4 21. Qb3 a5 22. a3 Nd5 23. c6 b6 24. Bc4 a4 1/2-1/2

[Event "Cullera Bahia op 15th"]
[Site "Cullera"]
[Date "2009.07.28"]
[Round "7"]
[White "Martinez de Lejarza, Ignacio"]
[Black "Alvarez Gonzalez, Juan Jose"]
[Result "1/2-1/2"]
[WhiteElo "1732"]
[BlackElo "1708"]
[PlyCount "53"]
[EventDate "2009.07.21"]
[EventType "swiss"]
[EventRounds "9"]
[EventCountry "ESP"]
[SourceTitle "EXT 2010"]
[Source "ChessBase"]
[SourceDate "2010.11.25"]
[SourceVersion "1"]
[SourceVersionDate "2010.11.25"]
[SourceQuality "1"]

1. d4 Nf6 2. Nf3 d5 3. Bf4 Nbd7 4. e3 g6 5. c4 Bg7 6. Nc3 c6 7. Be2 0-0 8. 0-0 Re8 9. c5 Nh5 10. Bg5 h6 11. Bh4 Qc7 12. Nd2 Nhf6 13. Bg3 Qd8 14. Nf3 b6 15. b4 a5 16. a3 Bb7 17. Qb3 axb4 18. axb4 b5 19. Ra3 Nh5 20. Bh4 g5 21. Nd2 Nhf6 22. Bg3 Rxa3 23. Qxa3 Qa8 24. Ra1 Qxa3 25. Rxa3 Ra8 26. Rxa8+ Bxa8 27. Nf3 1/2-1/2

[Event "Valencia Autonomico Center-B"]
[Site "Valencia"]
[Date "2009.02.07"]
[Round "5.3"]
[White "Alabort Pla, Juan Pablo"]
[Black "Martinez de Lejarza, Ignacio"]
[Result "1-0"]
[WhiteElo "2049"]
[BlackElo "1740"]
[PlyCount "29"]
[EventDate "2009.01.10"]
[EventType "team-tourn"]
[EventRounds "5"]
[EventCountry "ESP"]
[SourceTitle "EXT 2011"]
[Source "ChessBase"]
[SourceDate "2010.11.26"]
[SourceVersion "1"]
[SourceVersionDate "2010.11.26"]
[SourceQuality "1"]

1. d4 Nf6 2. c4 e6 3. Nc3 Bb4 4. a3 Bxc3+ 5. bxc3 b6 6. f3 d6 7. Bg5 Ba6 8. e4 h6 9. Bh4 Qc8 10. Bd3 Nc6 11. Ne2 Na5 12. c5 Bxd3 13. Qxd3 bxc5 14. Qb5+ c6 15. Qxa5 1-0